00582nam a2200169Ia 4500003000900000008004100009040001300050040001300063041000800076245001500084250001900099260002100118260000900139300001000148490000600158600024800164IT-RoPAU120407s9999 xx 000 0 und d aIT-RoPAU cIT-RoPAU aita aTeosofia.  aMilano - Roma  aEd. F.lli Bocca  c1938 c24 cm v1 a"v .1°: (1938) CXLV-232 p. V.2°: (1938) 402 p. v. 3°: (1938) 475 p. v. 4° (1938) 368 p. v. 5° (1939) 414 p. v. 6° (1940 372 p. v. 7° (1940) 366 p v. 8° (1941) 255 p. "